书目信息 |
| 题名: |
公路工程施工质量问题与防治
|
|
| 作者: | 李继业 , 张玉稳 主编 | |
| 分册: | ||
| 出版信息: | 北京 化学工业出版社 2006.01 |
|
| 页数: | 450页 | |
| 开本: | 21cm | |
| 丛书名: | ||
| 单 册: | ||
| 中图分类: | U415.12 | |
| 科图分类: | ||
| 主题词: | 道路工程--dao lu gong cheng--工程质量--质量管理 | |
| 电子资源: | ||
| ISBN: | 7-5025-7841-2 | |
| 000 | 00900nam0 2200229 450 | |
| 001 | 012006215672 | |
| 005 | 20060605155839.29 | |
| 010 | @a7-5025-7841-2@dCNY35.00 | |
| 100 | @a20060422d2006 km y0chiy0120 ea | |
| 101 | 0 | @achi |
| 102 | @aCN@b110000 | |
| 105 | @ay z 000yy | |
| 200 | 1 | @a公路工程施工质量问题与防治@Agong lu gong cheng shi gong zhi liang wen ti yu fang zhi@f李继业, 张玉稳主编@Fli ji ye,zhang yu wen zhu bian |
| 210 | @a北京@c化学工业出版社@d2006.01 | |
| 215 | @a450页@d21cm | |
| 330 | @a本书根据交通部最新公布的《公路工程质量检验评定标准》等一系列新标准、新规定、新规范,对公路工程中常遇到的质量问题进行了具体原因分析,并提出了预防措施和处理方法。 | |
| 606 | 0 | @a道路工程@Adao lu gong cheng@x工程质量@x质量管理 |
| 690 | @aU415.12@v4 | |
| 701 | 0 | @a李继业@Ali ji ye@4主编 |
| 701 | 0 | @a张玉稳@Azhang yu wen@4主编 |
| 801 | 0 | @aCN@bQSSK@c20060605 |
| 905 | @a10447@dU415.12@eL188 | |
| 公路工程施工质量问题与防治/李继业, 张玉稳主编.-北京:化学工业出版社,2006.01 |
| 450页;21cm |
| ISBN 7-5025-7841-2:CNY35.00 |
| 本书根据交通部最新公布的《公路工程质量检验评定标准》等一系列新标准、新规定、新规范,对公路工程中常遇到的质量问题进行了具体原因分析,并提出了预防措施和处理方法。 |
| ● |
| 相关链接 |
|
|
|
正题名:公路工程施工质量问题与防治
索取号:U415.12/L188
 
预约/预借
| 序号 | 登录号 | 条形码 | 馆藏地/架位号 | 状态 | 备注 |
| 1 | 558503 | 205585035 | 自科库501/501自科库 52排1列1层/ [索取号:U415.12/L188] | 在馆 | |
| 2 | 558504 | 205585044 | 自科库501/ [索取号:U415.12/L188] | 在馆 | |
| 3 | 558505 | 205585053 | 期刊室512/501自科库 52排1列1层/ [索取号:U415.12/L188] | 在馆 | |
| 4 | 605723 | 206057238 | 期刊室512/501自科库 52排1列1层/ [索取号:U415.12/L188] | 在馆 | |
| 5 | 605724 | 206057247 | 期刊室512/501自科库 52排1列1层/ [索取号:U415.12/L188] | 在馆 | |
| 6 | 605725 | 206057256 | 自科库501/ [索取号:U415.12/L188] | 在馆 |